| 000 | 01321cam a22003497a 4500 | ||
|---|---|---|---|
| 003 | CHAP | ||
| 005 | 20220329142214.0 | ||
| 008 | 980316m1995 mx ab r 10110 spa d | ||
| 010 | _a79904 | ||
| 011 | _a80876 | ||
| 035 | _a91330 | ||
| 040 | _cCHAP | ||
| 082 | 0 | 4 |
_a633.73063 _bS5 1995 |
| 111 | 0 | 0 |
_aSimposio Latinoamericano sobre Caficultura _n(17 : _d1995 : _cSan Salvador, El Salvador) _9106315 |
| 245 | 1 | 0 |
_aMemoria _c/por Fundación Salvadoreña para Investigaciones del Café - PROCAFE |
| 260 | 0 |
_aTegucigalpa, Honduras : _bInstituto Interamericano de Cooperación para la Agricultura, _c1995-199 |
|
| 300 |
_av. : _bilus. ; mapas ; gráfs. |
||
| 501 | _aLa biblioteca tiene : v.1, v.2 | ||
| 590 |
_aBATCH-UPD _b10 _c20130110 _lUCH01 _h0854 |
||
| 590 |
_aBATCH-UPD _b10 _c20130410 _lUCH01 _h0525 |
||
| 590 |
_aBATCH-UPD _b10 _c20130914 _lUCH01 _h0809 |
||
| 590 |
_aCONVERSION _b10 _c20130109 _lUCH01 _h1344 |
||
| 650 | 1 | 4 |
_aCafé _xCongresos. _917117 |
| 650 | 1 | 4 |
_aCafé _xPlagas. _917181 |
| 650 | 1 | 4 |
_aCafé _xSubproductos. _917203 |
| 650 | 1 | 4 |
_aCafeticultores. _917080 |
| 901 | _aBK | ||
| 905 | _aAlejandra Carrasco M. | ||
| 942 | _cLIBRO | ||
| 949 |
_a633.73063 S5 1995 _bBC _cLIBRO _d33724000752499 _eLIBRO _fv.1 _h96640 _i91330 _si |
||
| 949 |
_a633.73063 S5 1995 _bBC _cLIBRO _d33724000752606 _eLIBRO _fv.2 _h96641 _i91330 _sb |
||
| 999 |
_c79904 _d79904 |
||